Assessment of heavy metal contamination in vegetables field of bogura district: overview of pollution indices and risk assessment / (Record no. 16672)

MARC details
000 -LEADER
fixed length control field 01240nam a22002777a 4500
001 - CONTROL NUMBER
control field BD-DhSAU 9278
003 - CONTROL NUMBER IDENTIFIER
control field BD-DhSAU
005 - DATE AND TIME OF LATEST TRANSACTION
control field 20230301165304.0
008 - FIXED-LENGTH DATA ELEMENTS--GENERAL INFORMATION
fixed length control field 150613b2018 bg a|||| m||| 00| 0 eng d
040 ## - CATALOGING SOURCE
Original cataloging agency BD-DhSAU
082 ## - DEWEY DECIMAL CLASSIFICATION NUMBER
Edition number 22
Classification number 630.2
Item number Sa453
100 ## - MAIN ENTRY--PERSONAL NAME
Personal name SAMMA, SADIA
Relator term Registration No. # 19-10334
245 ## - TITLE STATEMENT
Title Assessment of heavy metal contamination in<br/>vegetables field of bogura district: overview <br/>of pollution indices and risk assessment<br/><br/> /<br/>
Remainder of title MS thesis
260 ## - PUBLICATION, DISTRIBUTION, ETC. (IMPRINT)
Place of publication, distribution, etc. Sher-e-Bangla Agricultural University :
Name of publisher, distributor, etc. Department of Agricultural Chemistry,
Date of publication, distribution, etc. 2021
300 ## - PHYSICAL DESCRIPTION
Extent viii, 49p. :
Other physical details ill. ;
Dimensions 30 cm.
500 ## - GENERAL NOTE
General note MS thesis of Department of agricultural Chemistry, Faculty of Agriculture , Sher-e-Bangla Agricultural University, Dhaka, Bangladesh
504 ## - BIBLIOGRAPHY, ETC. NOTE
Bibliography, etc Includes bibliographical reference.
590 ## - Name of Cataloguer
Name of Cataloger Nazmul
650 ## - SUBJECT ADDED ENTRY--TOPICAL TERM
Topical term or geographic name as entry element heavy metal contamination
650 ## - SUBJECT ADDED ENTRY--TOPICAL TERM
Topical term or geographic name as entry element vegetables field of bogura district:
651 ## - SUBJECT ADDED ENTRY--GEOGRAPHIC NAME
Geographic name pollution indices and risk assessment
700 ## - ADDED ENTRY--PERSONAL NAME
Personal name Prof. Dr. Md. Sirajul Islam Khan
Relator term Superviser
700 ## - ADDED ENTRY--PERSONAL NAME
Personal name Associ. Prof. Dr. Abdul Kaium
Relator term Co-superviser
856 ## - ELECTRONIC LOCATION AND ACCESS
Uniform Resource Identifier <a href="http://archive.saulibrary.edu.bd:8080/xmlui/handle/123456789/4807">http://archive.saulibrary.edu.bd:8080/xmlui/handle/123456789/4807</a>
942 ## - ADDED ENTRY ELEMENTS (KOHA)
Source of classification or shelving scheme Dewey Decimal Classification
Koha item type MS Level Thesis
Holdings
Withdrawn status Lost status Source of classification or shelving scheme Damaged status Not for loan Collection code Home library Branch Name Date acquired Total Checkouts Full call number Barcode Date last seen Price effective from Koha item type
    Dewey Decimal Classification   Not For Loan Reference SAU Library SAU Library 01/03/2023   630.2 Sa453 44470 01/03/2023 01/03/2023 MS Level Thesis